00298nam a2200121Ia 4500008004100000041000800041082001700049100001700066245004100083260001900124365001600143700001700159230718s9999 xx 000 0 und d aeng a621.381bMOT aMotorola Inc aLinear Interface Integrated Circuits c1983bMotorola cRs.b750.00 aMotorola Inc